| 000 | 01355nam0a2200325 4500 | ||
|---|---|---|---|
| 001 | RU\NLR\BIBL_A\022391872 | ||
| 005 | 20250117151207.0 | ||
| 010 |
_a978-5-00246-150-9 _9500 |
||
| 021 |
_aRU _bКН-П-24-063829 _9КН-П-24-6340 |
||
| 035 | _a(NLR Aleph) 022391872 | ||
| 090 |
_a13332301 _c13332301 |
||
| 100 | _a20241126d2024 u y0rusy50 ca | ||
| 101 | 0 | _arus | |
| 102 | _aRU | ||
| 105 | _aa z 010gy | ||
| 181 | 0 |
_ai _baxxe |
|
| 182 | 0 | _an | |
| 200 | 1 |
_aЮбилейный дайджест + _e[90] _eв жизни раз бывает... _eстихи _fВ. Н. Иванов _gСовет по науке, культуре и публицистике при Московской городской организации Союза писателей России |
|
| 203 |
_aТекст _bвизуальный _cнепосредственный |
||
| 210 |
_aМосква _cУ Никитских ворот _d2024 |
||
| 215 |
_a334, [2] с., [24] л. цв. ил. _d21 |
||
| 320 | _aБиблиогр.: с. 330-332 | ||
| 333 | _a16+ | ||
| 686 | 2 | _aШ6(2=Р)8я44 | |
| 700 | 1 |
_7ca _8rus _aИванов _bВ. Н. _cд-р филос. наук, поэт _f1934- _gВилен Николаевич _96809 _3RU\NLR\AUTH\7723756 |
|
| 942 | _cBOOK | ||
| 980 | _aNB | ||